000
00352nam a22001337a 4500
003
SGT
020
_a
9788126727766
082
_a
891.4309
_b
E15K
100
_a
खेमानी, कुसुम
245
_a
एक अचम्भा प्रेम
260
_b
राजकमल प्रकाशन
_c
2015
300
_a
127
942
_2
ddc
_c
BK
999
_c
30037
_d
30037